Censo de vivienda, 1963

Na minha lista:
Detalhes bibliográficos
Autor Corporativo: Costa Rica. Ministerio de Economía, Industria y Comercio. Dirección General de Estadística y Censos
Formato: Texto
Publicado em: San José: DGEC. MIC. Sección de Publicaciones
Tags: Adicionar Tag
Sem tags, seja o primeiro a adicionar uma tag!

MARC

LEADER 00000 a a2200000 04500
001 17518
003
040
090 |a 003400  
110 |a Costa Rica. Ministerio de Economía, Industria y Comercio. Dirección General de Estadística y Censos  
245 |a Censo de vivienda, 1963  
260 |a San José:   |b DGEC. MIC. Sección de Publicaciones  
300 |a 458 p  
999 |c 4257  |d 4257